Exploration fonctionnelle des voies biliaires et chirurgie / (Registro nro. 33050)
[ vista simple ]
| 000 -LEADER | |
|---|---|
| campo de control de longitud fija | 00505nam a2200157 i 4500 |
| 001 - NÚMERO DE CONTROL | |
| campo de control | 33050 |
| 003 - IDENTIFICADOR DE NÚMERO DE CONTROL | |
| campo de control | ES-MaACL |
| 007 - CAMPO FIJO DE DESCRIPCIÓN FÍSICA--INFORMACIÓN GENERAL | |
| campo de control de longitud fija | t| |
| 008 - DATOS DE LONGITUD FIJA--INFORMACIÓN GENERAL | |
| campo de control de longitud fija | 030201s1932 fr ||||1| fre d |
| 100 1# - ENTRADA PRINCIPAL--NOMBRE DE PERSONA | |
| Nombre de persona | Bérard, Léon. |
| 9 (RLIN) | 27824 |
| 245 10 - MENCIÓN DEL TÍTULO | |
| Título | Exploration fonctionnelle des voies biliaires et chirurgie / |
| Mención de responsabilidad, etc. | par Leon Berard et P. Mallet Guy. |
| 260 ## - PUBLICACIÓN, DISTRIBUCIÓN, ETC. | |
| Lugar de publicación, distribución, etc. | Paris : |
| Nombre del editor, distribuidor, etc. | [s.n., |
| Fecha de publicación, distribución, etc. | 1932] ( |
| Lugar de fabricación/manufactura | Poitiers : |
| Fabricante | Soc. Française d'Imprimerie) |
| 300 ## - DESCRIPCIÓN FÍSICA | |
| Extensión | 362 p. ; |
| Dimensiones | 25 cm. |
| 700 1# - ENTRADA AGREGADA--NOMBRE PERSONAL | |
| Nombre de persona | Mallet Guy, P. |
| 9 (RLIN) | 75806 |
| 852 ## - LOCALIZACIÓN | |
| Ubicación | ES-MaACL |
| Número de control de estantería | E-998 |
| Estatus retirado | Estado de pérdida | Estado de daño | No para préstamo | Biblioteca de origen | Biblioteca actual | Ubicación en estantería | Fecha de adquisición | Fuente de adquisición | Total de préstamos | Signatura topográfica completa | Código de barras | Visto por última vez | Precio de reemplazo | Tipo de ítem Koha |
|---|---|---|---|---|---|---|---|---|---|---|---|---|---|---|
| Biblioteca del Ateneo de Madrid | Biblioteca del Ateneo de Madrid | Depósito 2 | 17/01/2008 | E-998 | 1034351 | 23/02/2023 | 23/02/2023 | Libro impreso |
